000 00412nam a2200157Ia 4500
008 240729s9999 xx 000 0 und d
022 _a2548-4664
245 0 _aIndonesia Prime
260 _aIndonesia
260 _bIndonesia Prime
650 _a Social sciences (General)
650 _aSocial Sciences
856 _uhttps://doaj.org/toc/28661c27391449a68d6f959e51e00a41
942 _2ddc
942 _cDOAJEJ
999 _c66043
_d66043
945 _a1
_bMadushi Gamage
_c1
_dMadushi Gamage